Studies on morphological, pathological, molecular variation of Phytophthora isolates and clonal resistance among parental clones and F2 progenies of RRII 105 (Record no. 74258)

MARC details
000 -LEADER
fixed length control field 00611nam a2200157Ia 4500
100 ## - MAIN ENTRY--AUTHOR NAME
Personal name Rajasree, P.R.
245 #0 - TITLE STATEMENT
Title Studies on morphological, pathological, molecular variation of Phytophthora isolates and clonal resistance among parental clones and F2 progenies of RRII 105
260 ## - PUBLICATION, DISTRIBUTION, ETC. (IMPRINT)
Name of publisher Mahatma Gandhi University
Place of publication Kottayam
Year of publication 2005
300 ## - PHYSICAL DESCRIPTION
Number of Pages 70
500 ## - GENERAL NOTE
General note Available in Pathology
500 ## - GENERAL NOTE
General note Course: M.Sc.
700 ## - ADDED ENTRY--PERSONAL NAME
Personal name Dr Annakutty Joseph and Dr Shaji Philip
850 ## - HOLDING INSTITUTION
Holding institution School of Biosciences, Mahatama Gandhi University, Kottayam
942 ## - ADDED ENTRY ELEMENTS (KOHA)
Koha item type Theses
Holdings
Withdrawn status Lost status Damaged status Not for loan Collection code Home library Current library Shelving location Date acquired Koha item type
      Theses Dissertation RRII Library RRII Library Crop protection 31/12/2021 Theses